000 00480nam a2200181Ia 4500
008 230917s9999||||xx |||||||||||||| ||und||
020 _cRS390
040 _e227963
_aMAIN
041 _aEnglish
082 _a345.06 A92S(20)
100 _aAvtar Singh
245 0 _aSakshya vidhi (Law of Evidence)
250 _a20th ed.
260 _aCentral Law Publications
_bAllahabad
_c2015
300 _a558 p.
500 _a2086 26/08/2015 KB15/115 11/09/2015 Main Budget
942 _cBK
999 _c15714
_d15714